| 000 | 00371nam a2200109Ia 4500 | ||
|---|---|---|---|
| 008 | 171211s9999 xx 000 0 und d | ||
| 245 | _aEtymological Dictionary of the Altaic Languages, 3 Volumes | ||
| 245 | _cAnna Dybo, Oleg Mudrak, and Sergei Starostin | ||
| 260 | _c2003 | ||
| 650 | _xEncyclopedia and Dictionary | ||
| 856 | _uhttp://down.ebook777.com/054/9004131531.pdf | ||
| 999 |
_c350221 _d350221 |
||